000 01251nam a2200289 4500
005 20240530111001.0
008 230215s2019 ua g b 000 0 ara d
017 _a2019/4390
_bمصر. دار الكتب
020 _a9789778547341
040 _aEG-CaGPL
_cEG-CaGPL
082 0 4 _221
_a371.207
_bل ت
100 1 _aليفين، كيث. م.
245 1 2 _aالتعليم فى اوقات العسر :
_bخيارات للمخططين : ترجمة /
_cتاليف كيث. م. ليفين ؛ محمد بن احمد الرشيد ؛ جمعها وصنفها واشرف على مراجعتها محمد ابو بكر حميد
250 _aط.1
260 _aالقاهرة :
_bالدار العربية اللبنانية،
_c2019.
300 _a248 ؛
_c24 سم.
490 0 _aالاعمال الكاملة
504 _aيشتمل على ارجاعات ببليوجرافية
650 0 7 _2qrmak
_aالتعليم
650 0 7 _2qrmak
_aالتعليم
_xاغراضة واهدافة
650 0 7 _2qrmak
_aالتخطيط التربوى
651 _2qrmak
700 0 _aمحمد بن احمد الرشيد
_eمترجم
700 0 _aمحمد ابو بكر حميد
_eمصنف ومشرف ومراجع
942 _2ddc
_cBK
999 _c67177
_d67177